Statistiques concernant Petit bac Harry Potter - P

Cliquez ici pour prendre le quiz!

Statistiques générales

  • Ce quiz a été pris 624 fois
  • Le résultat moyen est 6 sur 8

Statistiques - réponses

ThèmeMot% Correct
PersonnageHarry Potter / Peter Pettigrow / Helga Poufsouffle / Pattenrond / Parvati Patil / Pompom Pomfresh / Pansy Parkinson / Peeves / Jimmy Peakes / Antioche Peverell / Gideon Prewett / Eileen Prince / Irma Pince / Piers Polkiss / Sturgis Podmore / Madame Pieddodu
97%
LieuPoudlard / Pré-au-Lard / Privet Drive / Pirouette et Badin / Poste de Pré-au-Lard
93%
CoursPotions
90%
Moyen de transportPoudlard Express / Portoloin / Poudre de Cheminette
83%
SortilègeProtego / Petrificus Totalus / Periculum / Piertotum locomotor / Pointe au nord / Portus / Prior Incanto / Priori Incantatum / Protego horribilis / Protego totalum
66%
Potion / Ingrédient de potionsPolynectar / Poussos / Philtre de Paix / Pimentine
53%
ObjetPierre de Résurrection / Pierre philosophale / Pensine / Plume / Plume à Papote / Poudre d'obscurité instantanée du Pérou / Parapluie rose de Hagrid / Parchemin de l'armée de Dumbledore / Pendule de la famille Weasley / Plume de Dolores Ombrage
47%
CréaturePhenix / Pansedefer ukrainien / Porlock / Poulaintêtard / Povrebine / Pitiponks
45%

Distribution des résultats

Percentile par nombre de réponses

% des personnes avec chaque résultat

Votre développement - résultats

Vous n’avez pas pris ce quiz